00907nam a22002417a 450000500170000001000130001702000100003003500130004003700160005304000120006908200150008110000240009624501970012026000410031727000520035830000280041065000250043865000250046370000100048894200240049899900190052295201240054120170124110050.0 aA-227693 c50.00 aA-227693 bCen Lib/Ret aDPLbEN a692.9bTIW aTiwari, O.P.925219 aDelhi building bye-laws 1983 and D.D.A. disposal of developed property Nazul land rules 1981 :cby O.P.Tiwaribas applicable to union territory of Delhi with short comments and forms etc / aDelhibSeven Star Publicationsc1984 aPrem Niwas CD,256,Maurya EnclavebDelhie110034 aVarious pagesc22cm(Hb) aDelhi zIndia925220 aBuilding laws925221 924988 2ddccENh692.9mTIW c129048d129048 00104070aLbLd2015-07-04eCen Lib/Retg50.00l0o692.9 TIWpA-227693r2015-07-04 00:00:00t1v50.00w2015-07-04yEN